Statistics for Beauty and the Beast Characters

Click here to take the quiz!

General Stats

  • This quiz has been taken 453 times
  • The average score is 7 of 11

Answer Stats

Hint Answer % Correct
Her name means BeautyBelle
99%
A chipped teacupChip
97%
A large man with antlers on all his furnitureGaston
91%
Mother of a teacup, also a teapotMrs. Potts
86%
A candleabra that has a French accentLumier
82%
A small clockCogsworth
77%
An inventor, also Beauty's fatherMaurice
65%
He's very short, and extremely rudeLefou
51%
He's a horsePhilip
46%
A feather-duster/french maidBabette
21%
He's the creepy man that gets paid off to take away Belle's dadMonsieur D'Arque
11%

Score Distribution

Percentile by Number Answered

Percent of People with Each Score

Your Score History

You have not taken this quiz